Normal view MARC view
  • Buskist, William

Entry Personal Name

Number of records used in: 1

001 - CONTROL NUMBER

  • control field: 36543

003 - CONTROL NUMBER IDENTIFIER

  • control field: OSt

005 - DATE AND TIME OF LATEST TRANSACTION

  • control field: 20141116134420.0

008 - FIXED-LENGTH DATA ELEMENTS

  • fixed length control field: 141116|| aca||aabn | a|a d

040 ## - CATALOGING SOURCE

  • Original cataloging agency: OSt

100 10 - HEADING--PERSONAL NAME

  • Personal name: Buskist, William